000 02178nam a22005295i 4500
999 _c27370
_d27370
001 978-1-4757-0863-9
003 DE-He213
005 20240716151512.0
006 a|||||o|||| 00| 0
007 cr nn 008mamaa
008 131223s1997 xxu| s |||| 0|eng d
020 _a9781475708639
024 7 _a10.1007/978-1-4757-0863-9
_2doi
040 _cimu-kc
050 4 _aGC1-1581
072 7 _aRBKC
_2bicssc
072 7 _aSCI052000
_2bisacsh
072 7 _aRBKC
_2thema
082 0 4 _a551.46
_223
100 1 _aTsinker, Gregory.
_eauthor.
_4aut
_4http://id.loc.gov/vocabulary/relators/aut
245 1 0 _aHandbook of Port and Harbor Engineering
_h[electronic resource] :
_bGeotechnical and Structural Aspects /
_cby Gregory Tsinker.
250 _a1st ed. 1997.
264 1 _aNew York, NY :
_bSpringer US :
_bImprint: Springer,
_c1997.
300 _aXXXVII, 1054 p.
_bonline resource.
336 _atext
_btxt
_2rdacontent
337 _acomputer
_bc
_2rdamedia
338 _aonline resource
_bcr
_2rdacarrier
347 _atext file
_bPDF
_2rda
520 _aThis indispensable handbook provides state-of-the-art information and common sense guidelines, covering the design, construction, modernization of port and harbor related marine structures. The design procedures and guidelines address the complex problems and illustrate factors that should be considered and included in appropriate design scenarios.
650 0 _aOceanography.
650 0 _aGeotechnical engineering.
650 0 _aCivil engineering.
650 0 _aOffshore structures.
650 1 4 _aOcean Sciences.
650 2 4 _aGeotechnical Engineering and Applied Earth Sciences.
650 2 4 _aCivil Engineering.
650 2 4 _aOffshore Engineering.
710 2 _aSpringerLink (Online service)
773 0 _tSpringer Nature eBook
776 0 8 _iPrinted edition:
_z9781475708653
776 0 8 _iPrinted edition:
_z9781475708646
776 0 8 _iPrinted edition:
_z9780412087011
856 4 0 _uhttps://doi.org/10.1007/978-1-4757-0863-9
942 _2ddc
_cEBK